17. seminár Záhrebskej slavistickej školy

Bibliographic Details
Main Author: Šikra, Juraj, 1957- (Author)
Format: Article
Language:Slovak

MARC

LEADER 00000nab a2200000ua 4500
001 vtls010772952
003 SK-MaSNL
005 20260303151816.0
008 230222s1989 xo |||||||||||||||||slo|
035 |a (urnnbn)urn:nbn:sk:snk:ar-a02g96 
035 |a (uuid)4ce06438-588b-4665-af8f-584349044581 
035 |a urn:nbn:sk:snk-ab4ktt 
040 |a SNKBUCL  |b slo  |c SNKBUCL  |e AACR2 
041 0 |a slo 
044 |a xo  |c SK 
100 1 |a Šikra, Juraj,  |d 1957-  |4 aut  |9 214057 
245 1 0 |a 17. seminár Záhrebskej slavistickej školy  |c Juraj Šikra 
773 0 |t Slavica Slovaca : časopis pre slovanskú filológiu : orgán Slovenského výboru slavistov  |g Roč. 24, č. 1 (1989), s. 95-96 
954 |a odborná, vedecká literatúra pôvodná (slovenská)  |2 lita 
958 |a OND 
958 |a EUIPO 
958 |a article3 
999 |c 2019775  |d 2021705